000 00664nam a2200253Ia 4500
003 OSt
005 20221005043651.0
006 a|||||r|||| 00| 0
007 ta
008 221004b |||||||| |||| 00| 0 eng d
020 _a8178710099
024 _a79210
037 _cTextual
040 _aCRL
_cCRL
_beng
041 _2eng
_aeng
082 _aV2,111y7N14, P2
100 _aYadav K C
245 0 _aChaudhari Devi Lal
_b Political Biography
260 _aGurgaon
_bHope India Publication India
_c2002
300 _a294p.
_ccm.
650 _aHISTORY
942 _hV2,111y7N14, P2
_cTEXL
_2cc
999 _c952217
_d952217